Регионална библиотека "Любен Каравелов" - Русе

Георги Божилов - Слона (Запис номер 209533)

MARC детайли
000 -Лидер
Контролно поле с фиксирана дължина 01962nkm a2200433 c 4500
003 - Код на организацията, давaща контролен номер
Контролно поле BLK
005 - Дата и час на последна редакция
Контролно поле 20210209155412.0
008 - Елементи от данни с фиксирана дължина
fixed length control field 180412b bul rap|r|||| r0| ||bulo|
010 ## - Наследен системен номер
LC control number KNG00136852000
020 ## - Международен стандартен номер на книга ISBN
Международен стандартен номер на книга ISBN 978-954-2950-05-9
040 ## - Източник на каталожния запис
Идентификатор на билиотеката - собственик на записа BLK
041 ## - Код за език
Код за езика на текст/звукозапис или на отделно заглавие Български
Код за езика КДБФ Български
072 #7 - Код за тематичната категория
Код организация bullib
Код за тематична категория Н70
Текст Изкуства Н
080 ## - УДК
Текстов определител УДК Живопис - художници
УДК код - определител по УДК 75.071.1
УДК определител (497.2)(092)(084)
УДК - код + определител 75.071.1(497.2)(092)(084)
080 ## - УДК
Текстов определител УДК По прякор Слона. Български художник, живописец(1935-2001)
УДК код - определител по УДК 929 Божилов, Георги Йорданов
УДК - код + определител 929 Божилов, Георги Йорданов
100 1# - Редна дума - Автор
Автор Данева, Анжела
Авторска отговорност първи автор
R(LIN) 387129
139 ## - Редно поле
Редна дума Данева, Анжела
Авторски знак Бож - Б 56
245 10 - Сведения за заглавието
Заглавие Георги Божилов - Слона
Подзаглавни данни Портрети на духа
Редно поле (дума) Анжела Данева.
246 11 - Различни форми на заглавието
Паралелно заглавие Georgi Bozhilov-Slona : Portraits of the Spirit
257 ## - Страна на издаване
Страна на създаване/издаване България
260 ## - Област на издателските данни
Име на издателя, разпространителя и проч. Арс Милениум МММ фонд.
Година на издаване 2012
300 ## - Физическа характеристика
Страници 252 с.
Илюстрации и др. с цв. ил.
Размери/Мащаб 26Х26 см
380 ## - Жанр
Жанр Изкуство
500 ## - Общи забележки
Забележка Парал. загл., текст на бълг. и англ. ез. - Божилов Георги е известен с прякора си Слона.
600 14 - Име на лице, използвано като предмет
За него / За нея Божилов, Георги Йорданов
9 (RLIN) 380181
650 #4 - Допълнително описание по предмет – тема
Основно описание – тема или топоним Художници, български
9 (RLIN) 246650
651 #4 - Допълнително описание по предмет - топоним
Географско понятие България
9 (RLIN) 241624
653 ## - Ключова дума – ненормативна
Ключова дума Георги Божилов
653 ## - Ключова дума – ненормативна
Ключова дума български художници
653 ## - Ключова дума – ненормативна
Ключова дума живопис
653 ## - Ключова дума – ненормативна
Ключова дума албуми
659 ## - Тематичен бюлетин
Тематичен бюлетин Н
720 ## - Неконтролирано име
Паралелен автор Angela Daneva ; Transl. Elena Alexieva
Ключова дума за отношение (Описва отношението между автора и произведението) паралелен автор
852 ## - Местоположение
Форматна сигнатура Цб ІІ 27565
856 4# - Електронен адрес и достъп
Електронен формат pdf - файл
Път до файла /url/
856 4# - Електронен адрес и достъп
Електронен формат pdf - файл
Път до файла /url/
999 ## - СИСТЕМНИ КОНТРОЛНИ НОМЕРА
Koha biblionumber 209533
Koha biblioitemnumber 209533
942 ## - АРТИКУЛИ
Вид на библиотечния материал Графични издания
Скрит в OPAC Не
Периодичен библиозапис Да
944 ## - СЪЗДАВАНЕ И РЕДАКЦИЯ на ЗАПИСА
Създаване/Редакция Създаване
Дата на регистрацията/редакция 30.08.2011
Статус, дата на статуса ф /
Служител, извършил регистрацията/редакцията Пенка_Димитрова
944 ## - СЪЗДАВАНЕ И РЕДАКЦИЯ на ЗАПИСА
Създаване/Редакция Редакция
Дата на регистрацията/редакция 27.11.2014
Статус, дата на статуса ф /
Служител, извършил регистрацията/редакцията Ирена_Линкова
999 ## - СИСТЕМНИ КОНТРОЛНИ НОМЕРА
Koha biblioitemnumber 209533
Наличности
Код за отписване Код за изгубен артикул Източник на класификационната схема Код за повреда Коз за рестрикции Код за отдаване Артикулен № Име на библиотеката - собственик Име на библиотеката, в която се намира в момента Статус (Текущо местоположение) Дата на вписване в системата Местоположение - отдел Цена в лева Инвентарен номер Систематично азбучна сигнатура Баркод Номер на екземпляра Цена в евро Служебна бележка Служебен тип на артикула
  Не е изгубен Universal Decimal Classification Не е повреден само за читалня ползва се в читалня 360836 Регионална библиотека "Любен Каравелов" Русе Регионална библиотека "Любен Каравелов" Русе Хранилище 2012-11-27 Основен фонд - ползва се само за читалня 25.00 120000761862 Цб ІІ 27565 120000761862 1 12.78 Дост: Pk Вид: Ф N: 323 Дата: 19.11.2012 Дата инв: 04.06.2015 Бележки инв: ГрИ2015 Графични издания
  Не е изгубен Universal Decimal Classification Не е повреден без рестрикции заемане за дома 360837 Регионална библиотека "Любен Каравелов" Русе Регионална библиотека "Любен Каравелов" Русе Отдел Изкуство - подръчен фонд 2014-11-06 Отдел Изкуство - подръчен фонд 25.00 120000782049 75(497.2)(092)/Б 56 120000782049 2 12.78 Дост: Pk Вид: Ф N: 415 Дата: 06.11.2014 Графични издания
Vip Innovations Ltd, Rousse, Bulgaria 2025